[Event "IX Festival A"]
[Site "Nichelino ITA"]
[Date "2008.10.06"]
[Round "6"]
[White "Matta, Francesca"]
[Black "Sattanino, Andrea"]
[Result "1-0"]
[WhiteElo "1931"]
[BlackElo "1853"]
[PlyCount "117"]
[EventDate "2008.10.02"]

1. c4 Nc6 2. Nc3 e5 3. g3 Bc5 4. Bg2 a6 5. e3 Nge7 6. Nge2 O-O 7. O-O d6 8. Nd5
Ng6 9. d4 exd4 10. exd4 Ba7 11. Be3 Be6 12. Nec3 Rb8 13. b4 Nce7 14. b5 c6 15.
Nxe7+ Nxe7 16. Qa4 Qd7 17. Rab1 axb5 18. cxb5 Ra8 19. Qb4 Nf5 20. Rfd1 Nxd4 21.
bxc6 Nxc6 22. Qxb7 Qxb7 23. Rxb7 Bxe3 24. fxe3 Rac8 25. Nd5 Rb8 26. Rdb1 Rxb7
27. Rxb7 Ne5 28. a4 g6 29. Ne7+ Kg7 30. Nc6 Rc8 31. Nxe5 Rc1+ 32. Kf2 Rc2+ 33.
Kf1 Rxg2 34. Kxg2 Bd5+ 35. Kf2 Bxb7 36. Nc4 d5 37. Nb6 Kf6 38. Nd7+ Ke7 39. Nc5
Bc8 40. Ke2 Kd6 41. Nb3 Kc6 42. Kd3 Kb6 43. Kd4 Bd7 44. Nc5 Bc6 45. h3 h6 46.
Nd3 Bxa4 47. Kxd5 h5 48. Kd6 Bb3 49. h4 Ba2 50. Ne5 Bb3 51. Ke7 Kc5 52. Nxf7
Kd5 53. Kf6 Bc2 54. Ng5 Bd3 55. e4+ Kd6 56. e5+ Kd7 57. e6+ Ke8 58. e7 Bb5 59.
Ne6 1-0

[Event "IX Festival A"]
[Site "Nichelino ITA"]
[Date "2008.10.06"]
[Round "6"]
[White "Moncelli, Giorgio"]
[Black "D'Ingiullo, Roberto"]
[Result "0-1"]
[WhiteElo "2110"]
[BlackElo "2104"]
[PlyCount "68"]
[EventDate "2008.10.02"]

1. e4 c5 2. Nf3 Nc6 3. d4 cxd4 4. Nxd4 e5 5. Nb5 d6 6. c4 Be7 7. N1c3 a6 8. Na3
f5 9. exf5 Bxf5 10. Nc2 Nf6 11. Ne3 Be6 12. g3 O-O 13. Bg2 Rb8 14. O-O Nd4 15.
Ncd5 b5 16. cxb5 Rxb5 17. Nxe7+ Qxe7 18. b3 Nd5 19. Bb2 Nxe3 20. fxe3 Nf5 21.
Qd3 Qa7 22. Rae1 Qb8 23. Rf2 Nh6 24. Rxf8+ Qxf8 25. Rf1 Qb8 26. Be4 Kh8 27. Ba3
Nf7 28. Bxh7 Rd5 29. Qg6 Qb6 30. Bc1 Rc5 31. Bd2 Rd5 32. Qh5 Rxd2 33. Bf5+ Nh6
34. Bb1 Qxe3+ 0-1

[Event "IX Festival A"]
[Site "Nichelino ITA"]
[Date "2008.10.06"]
[Round "6"]
[White "Paoli, Mario"]
[Black "Di Chiara, Mauro"]
[Result "0-1"]
[WhiteElo "1742"]
[BlackElo "1896"]
[PlyCount "70"]
[EventDate "2008.10.02"]

1. e4 c5 2. Nf3 Nc6 3. c3 d5 4. exd5 Qxd5 5. Be2 e5 6. O-O Nf6 7. b3 Be7 8. Bc4
Qd8 9. Ng5 O-O 10. Qc2 h6 11. Ne4 Nxe4 12. Qxe4 Kh8 13. d3 f5 14. Qf3 Bd7 15.
Na3 Bf6 16. Bb2 a6 17. Nc2 Qc8 18. Ne3 e4 19. Qe2 f4 20. Nd5 f3 21. Qxe4 fxg2
22. Rfe1 Qd8 23. Nxf6 Qxf6 24. Qe3 Rae8 25. Qxc5 Ne5 26. Rxe5 Rxe5 27. Qd4 Bc6
28. f4 Qxf4 29. Qxf4 Rxf4 30. d4 Ref5 31. Ba3 Rf2 32. Bd6 Bb5 33. Bg3 Rf1+ 34.
Bxf1 Rxf1+ 35. Kxg2 Rxa1 0-1

[Event "IX Festival A"]
[Site "Nichelino ITA"]
[Date "2008.10.06"]
[Round "6"]
[White "Pulito, Alberto"]
[Black "Giacomasso, Enrico"]
[Result "0-1"]
[WhiteElo "2254"]
[BlackElo "1996"]
[PlyCount "138"]
[EventDate "2008.10.02"]

1. e4 c5 2. c3 d5 3. exd5 Qxd5 4. d4 Nf6 5. Nf3 Nc6 6. Be3 Ng4 7. c4 Qd8 8. d5
Nxe3 9. fxe3 Nb8 10. Bd3 g6 11. Nbd2 Bg7 12. Qc2 O-O 13. O-O Qb6 14. Rab1 Nd7
15. Kh1 Nf6 16. Rbe1 Ng4 17. h3 Ne5 18. b3 Bd7 19. Nxe5 Bxe5 20. Nf3 Bg3 21.
Re2 Rae8 22. e4 e5 23. Ng1 Qd8 24. Re3 Bf4 25. Ref3 Qh4 26. Qf2 Qh6 27. Qxc5
Bg4 28. Rxf4 exf4 29. Qd6 f3 30. Nxf3 Qe3 31. Bb1 Bxf3 32. gxf3 Qe2 33. Kg1
Qe3+ 34. Kg2 f5 35. exf5 gxf5 36. Kh1 Kh8 37. Qh2 Qc3 38. Qc2 Qxc2 39. Bxc2 Re2
40. Bb1 Kg7 41. Kg1 Kf6 42. Rf2 Re1+ 43. Rf1 Rfe8 44. Bd3 Rxf1+ 45. Bxf1 Re1
46. Kf2 Ra1 47. c5 Rxa2+ 48. Ke3 Ra3 49. Bc4 b5 50. Bxb5 Rxb3+ 51. Bd3 Ke5 52.
d6 Kd5 53. d7 Rb8 54. Bxf5 h6 55. f4 Kxc5 56. Be6 Kd6 57. f5 Rd8 58. Kf4 Rxd7
59. Kg4 Re7 60. Bb3 Ke5 61. Bc2 Rc7 62. Bb1 Rc1 63. Bd3 a5 64. Kh5 Rc3 65. Bb1
Rxh3+ 66. Kg6 Rf3 67. Bc2 h5 68. Kg5 h4 69. Kg4 Rf4+ 0-1

[Event "IX Festival A"]
[Site "Nichelino ITA"]
[Date "2008.10.06"]
[Round "6"]
[White "Razzano, Lorenzo"]
[Black "D'Amato, Piergiorgio"]
[Result "1/2-1/2"]
[WhiteElo "1899"]
[BlackElo "1925"]
[PlyCount "24"]
[EventDate "2008.10.02"]

1. e4 e5 2. Nf3 Nc6 3. Bb5 a6 4. Ba4 d6 5. O-O Nf6 6. Re1 Be7 7. h3 O-O 8. c3
Bd7 9. d4 Re8 10. Ng5 Rf8 11. Nf3 Re8 12. Ng5 Rf8 1/2-1/2

[Event "IX Festival A"]
[Site "Nichelino ITA"]
[Date "2008.10.06"]
[Round "6"]
[White "Zunino, Davide"]
[Black "Nardelli, Marco"]
[Result "0-1"]
[WhiteElo "1976"]
[BlackElo "2132"]
[PlyCount "66"]
[EventDate "2008.10.02"]

1. d4 Nf6 2. Nc3 d5 3. e4 dxe4 4. f3 exf3 5. Nxf3 e6 6. Bd3 c5 7. dxc5 Bxc5 8.
Bg5 Nc6 9. Qd2 h6 10. Bh4 g5 11. Bf2 Bxf2+ 12. Qxf2 Ng4 13. Qc5 Qe7 14. Qg1 Bd7
15. O-O-O Nb4 16. Qd4 e5 17. Nxe5 Nxe5 18. Rhe1 Nbxd3+ 19. cxd3 f6 20. Nd5 Rc8+
21. Kb1 Qc5 22. Rxe5+ Kd8 23. Re8+ Rxe8 24. Qxf6+ Re7 25. Nc3 Rc6 26. Qh8+ Re8
27. Qg7 Qe5 28. Qh7 Qh8 29. Qf7 Qf6 30. Qd5 Qe5 31. Qf7 a6 32. d4 Qf6 33. Qd5
Qf5+ 0-1

[Event "V Torneo Settembre Vomero"]
[Site "Napoli ITA"]
[Date "2008.10.02"]
[Round "1"]
[White "Benedetto, Massimo"]
[Black "Giglio, Achille"]
[Result "1/2-1/2"]
[WhiteElo "2032"]
[BlackElo "1615"]
[PlyCount "92"]
[EventDate "2008.10.02"]

1. d4 d5 2. c4 e6 3. Nc3 Nf6 4. cxd5 exd5 5. Bg5 Be7 6. Qc2 c6 7. e3 O-O 8. Bd3
Nbd7 9. Nf3 h6 10. Bh4 Re8 11. O-O Nf8 12. Bxf6 Bxf6 13. b4 Bg4 14. Nd2 a6 15.
a4 Bh5 16. Rab1 Bg6 17. b5 axb5 18. axb5 Bxd3 19. Qxd3 Ra3 20. bxc6 bxc6 21.
Qc2 Qa8 22. Rfc1 Rc8 23. Nxd5 Nd7 24. Nxf6+ Nxf6 25. Nc4 Ra2 26. Rb2 Rxb2 27.
Nxb2 Qa2 28. Nd3 Qa8 29. g3 Nd7 30. Nc5 Nb6 31. Rb1 Qa7 32. e4 g6 33. Qd2 Kg7
34. Qb2 Nd7 35. Ra1 Qc7 36. Nxd7 Qxd7 37. Qb6 Qe7 38. e5 Qe6 39. Qc5 Rd8 40.
Ra7 Rd5 41. Qb4 c5 42. dxc5 Qxe5 43. Qb3 Qe1+ 44. Kg2 Qe4+ 45. Qf3 Qxf3+ 46.
Kxf3 Rxc5 1/2-1/2

[Event "V Torneo Settembre Vomero"]
[Site "Napoli ITA"]
[Date "2008.10.02"]
[Round "1"]
[White "Caccaviello, Vincenzo"]
[Black "Supino, Domenico"]
[Result "0-1"]
[WhiteElo "1700"]
[BlackElo "2080"]
[PlyCount "66"]
[EventDate "2008.10.02"]

1. e4 c5 2. Nf3 e6 3. d4 cxd4 4. Nxd4 Nf6 5. Nc3 Nc6 6. Bg5 Be7 7. Bd3 Bb4 8.
f3 d5 9. Nxc6 bxc6 10. Bd2 e5 11. exd5 cxd5 12. Bb5+ Bd7 13. Qe2 O-O 14. Bxd7
Qxd7 15. O-O Rfe8 16. a3 Bc5+ 17. Kh1 Qf5 18. Rac1 Rab8 19. b4 Bb6 20. Na4 Bc7
21. c4 d4 22. Nc5 Rbd8 23. Qd3 Qh5 24. Ne4 Nd7 25. c5 Qg6 26. Nf2 f5 27. Rfe1
Kh8 28. a4 Nf6 29. a5 e4 30. fxe4 fxe4 31. Nxe4 Nxe4 32. Rxe4 Rxe4 33. Qb5 Qh5
0-1

[Event "V Torneo Settembre Vomero"]
[Site "Napoli ITA"]
[Date "2008.10.02"]
[Round "1"]
[White "Cosenza, Gianni"]
[Black "Capaldo, Salvatore"]
[Result "1/2-1/2"]
[WhiteElo "1950"]
[BlackElo "1532"]
[PlyCount "94"]
[EventDate "2008.10.02"]

1. e4 e5 2. Nf3 Nc6 3. Bb5 d6 4. O-O Nf6 5. Re1 Be7 6. c3 Bd7 7. d3 a6 8. Ba4
O-O 9. Nbd2 b5 10. Bc2 Bg4 11. h3 Bh5 12. Nf1 h6 13. Ng3 Bg6 14. Nh4 Nh7 15.
Nxg6 fxg6 16. Qg4 Rf6 17. Bb3+ Kh8 18. Bd5 Qe8 19. Be3 Rd8 20. a4 Nb8 21. axb5
axb5 22. Ra7 c6 23. Bb3 Nd7 24. Rea1 Nc5 25. Bc2 Qf8 26. h4 Qf7 27. b4 Ne6 28.
Bb3 Nhf8 29. Rb7 h5 30. Qd1 Qe8 31. Raa7 Nd7 32. Bb6 Nef8 33. Bxd8 Qxd8 34.
Nxh5 gxh5 35. Qxh5+ Rh6 36. Qf7 d5 37. exd5 Rf6 38. Qh5+ Rh6 39. Qe2 cxd5 40.
Bxd5 Bxh4 41. Rc7 Qf6 42. Rc8 Bxf2+ 43. Qxf2 Rh1+ 44. Kxh1 Qxf2 45. Rxd7 Qe1+
46. Kh2 Qh4+ 47. Kg1 Qe1+ 1/2-1/2

[Event "V Torneo Settembre Vomero"]
[Site "Napoli ITA"]
[Date "2008.10.02"]
[Round "1"]
[White "Di Gennaro, Antonio"]
[Black "Sorrentino, Michele"]
[Result "0-1"]
[WhiteElo "1625"]
[BlackElo "2039"]
[PlyCount "60"]
[EventDate "2008.10.02"]

1. e4 e6 2. d4 d5 3. Nc3 Nf6 4. Bg5 Be7 5. e5 Nfd7 6. Bxe7 Qxe7 7. f4 a6 8. Nf3
c5 9. Qd2 Nc6 10. dxc5 Nxc5 11. O-O-O Bd7 12. Bd3 b5 13. Ne2 Nxd3+ 14. cxd3 Nb4
15. Kb1 O-O 16. Rc1 Rfc8 17. Rxc8+ Rxc8 18. Rc1 Rxc1+ 19. Nxc1 Nc6 20. Nb3 b4
21. d4 a5 22. Qd1 Be8 23. Nc5 Qa7 24. Qd3 f6 25. Nxe6 Bf7 26. Nc5 fxe5 27. Qb5
Nxd4 28. Nxd4 exd4 29. Ne6 d3 30. Qxd5 Qg1# 0-1

[Event "V Torneo Settembre Vomero"]
[Site "Napoli ITA"]
[Date "2008.10.02"]
[Round "1"]
[White "Falco, Claudio"]
[Black "Esposito, Pino"]
[Result "0-1"]
[WhiteElo "1416"]
[BlackElo "1857"]
[PlyCount "104"]
[EventDate "2008.10.02"]

1. e4 g6 2. Nf3 Bg7 3. Bc4 d6 4. d3 Nf6 5. Bg5 a6 6. Nc3 b5 7. Bb3 c5 8. Qd2 h6
9. Bxf6 Bxf6 10. O-O-O Bg4 11. Nd5 Bg7 12. Kb1 Nc6 13. Ne3 Bd7 14. Ng1 e6 15.
Ne2 a5 16. a3 a4 17. Ba2 b4 18. Nc4 Qb8 19. axb4 Nxb4 20. c3 Nxa2 21. Kxa2 Qb3+
22. Ka1 a3 23. Nxa3 Ke7 24. Nc1 Rxa3+ 25. Kb1 Qb7 26. Rhe1 Rha8 27. d4 cxd4 28.
cxd4 Ra1+ 29. Kc2 Ba4+ 30. Kd3 Qb5+ 31. Ke3 Bxd1 32. Rxd1 h5 33. f4 Rb8 34. e5
d5 35. Nd3 Rxd1 36. Qxd1 Kd8 37. Qd2 Bf8 38. Qf2 Be7 39. h3 Qb3 40. Qe2 Qb5 41.
g4 hxg4 42. hxg4 Kd7 43. g5 Rh8 44. Qf1 Qb3 45. Kf3 Bb4 46. Ke3 Ba5 47. Kf3
Qxd3+ 48. Qxd3 Rh3+ 49. Ke2 Rxd3 50. Kxd3 Kc6 51. Kc2 Kb5 52. Kd3 Ka4 0-1

[Event "V Torneo Settembre Vomero"]
[Site "Napoli ITA"]
[Date "2008.10.02"]
[Round "1"]
[White "Garano, Nicola"]
[Black "De Meo, Guido"]
[Result "0-1"]
[WhiteElo "2251"]
[BlackElo "1721"]
[PlyCount "82"]
[EventDate "2008.10.02"]

1. e4 c5 2. Nf3 d6 3. d4 cxd4 4. Nxd4 Nf6 5. Nc3 a6 6. f4 Bg4 7. Qd3 Nbd7 8. h3
Nc5 9. Qe3 e5 10. Nf5 Bxf5 11. exf5 e4 12. b4 d5 13. Qd4 Ncd7 14. Be3 Nb8 15.
b5 Be7 16. g4 axb5 17. Bxb5+ Nc6 18. g5 O-O 19. Qd1 Bb4 20. gxf6 Bxc3+ 21. Kf1
Qxf6 22. Rb1 d4 23. Bf2 Rxa2 24. Bc4 Rb2 25. Rxb2 Bxb2 26. Qg4 Ra8 27. Bh4 Qd6
28. Kg2 d3 29. cxd3 exd3 30. Rd1 d2 31. f6 g6 32. f5 Ne5 33. Qe2 Bc3 34. Bb3
Qc6+ 35. Kg3 Re8 36. fxg6 hxg6 37. Bg5 Bb4 38. Ba2 Qc3+ 39. Qe3 Qxe3+ 40. Bxe3
Nc4 41. Bf2 Ne3 0-1

[Event "V Torneo Settembre Vomero"]
[Site "Napoli ITA"]
[Date "2008.10.02"]
[Round "1"]
[White "Iannotta, Francesco"]
[Black "Caiazzo, Diego"]
[Result "0-1"]
[WhiteElo "1515"]
[BlackElo "1902"]
[PlyCount "108"]
[EventDate "2008.10.02"]

1. e4 e6 2. d4 d5 3. Nc3 dxe4 4. Nxe4 Nd7 5. Nf3 Ngf6 6. Nxf6+ Nxf6 7. Bc4 Be7
8. c3 O-O 9. O-O c5 10. a3 Qc7 11. Qb3 b6 12. Re1 Re8 13. Ne5 Bb7 14. Bg5 Nd5
15. f4 f6 16. Bb5 fxe5 17. Bxe8 Bxg5 18. fxg5 Rxe8 19. Rxe5 Qc6 20. c4 Nc7 21.
Qh3 cxd4 22. g6 hxg6 23. b3 Qd6 24. Ree1 e5 25. Qg3 Qc6 26. Rad1 Qd6 27. Ra1 d3
28. Re3 Qd4 29. Rd1 Be4 30. Qe1 Bf5 31. Rd2 Rd8 32. h3 g5 33. Qg3 Qf4 34. Qe1
e4 35. Rf2 Qe5 36. Qd2 Ne6 37. h4 gxh4 38. Re1 Bg6 39. Qe3 Qc5 40. Qc1 Nd4 41.
Kf1 Nxb3 42. Qf4 Qxc4 43. Kg1 Qd5 44. Rb2 Nc5 45. Qxh4 Qd4+ 46. Rf2 e3 47. Rf4
Qd6 48. Rd1 e2 49. Rd2 Nb3 50. Rxe2 dxe2 51. Rf3 Qd1+ 52. Kh2 e1=Q 53. Qc4+ Qd5
54. Qc7 Qd6+ 0-1

[Event "V Torneo Settembre Vomero"]
[Site "Napoli ITA"]
[Date "2008.10.02"]
[Round "1"]
[White "La Gatta, Giovanni"]
[Black "Solombrino, Giovanni"]
[Result "1-0"]
[WhiteElo "2109"]
[BlackElo "1707"]
[PlyCount "115"]
[EventDate "2008.10.02"]

1. d4 Nf6 2. c4 g6 3. Nc3 d5 4. cxd5 Nxd5 5. e4 Nxc3 6. bxc3 Bg7 7. Bb5+ Bd7 8.
Bd3 c5 9. Ne2 cxd4 10. cxd4 Nc6 11. Be3 Qa5+ 12. Qd2 Qxd2+ 13. Kxd2 O-O 14.
Rab1 b6 15. Rhc1 Rac8 16. Ba6 Rcd8 17. Ke1 Nb8 18. Bb7 Bc8 19. Rc7 Bxb7 20.
Rxb7 Rd7 21. Rxd7 Nxd7 22. Rc1 e6 23. Rc7 Nf6 24. f3 Ra8 25. Rb7 Bf8 26. Kd2
Ne8 27. e5 h5 28. Kd3 Ng7 29. g4 hxg4 30. fxg4 Ne8 31. Bg5 Bg7 32. Nf4 Kf8 33.
Ke4 Kg8 34. Be7 Bf8 35. Bxf8 Kxf8 36. Ke3 Kg7 37. Nxe6+ Kg8 38. Ng5 f6 39. Ne4
fxe5 40. dxe5 Ng7 41. Nf6+ Kf8 42. h4 Rc8 43. Rxa7 Rc4 44. Nh7+ Kg8 45. Ng5 Kf8
46. Rf7+ Kg8 47. Rb7 Kf8 48. Nh7+ Kg8 49. Nf6+ Kf8 50. Rxb6 Rc7 51. h5 gxh5 52.
gxh5 Re7 53. Kf4 Ne6+ 54. Kf5 Nd4+ 55. Ke4 Ne6 56. h6 Ng5+ 57. Kf5 Nf7 58. Rb8+
1-0

[Event "V Torneo Settembre Vomero"]
[Site "Napoli ITA"]
[Date "2008.10.02"]
[Round "1"]
[White "Lombardi, Ottavio"]
[Black "Rosato, Luciano"]
[Result "0-1"]
[WhiteElo "1766"]
[BlackElo "2260"]
[PlyCount "85"]
[EventDate "2008.10.02"]

1. d4 Nf6 2. c4 g6 3. Nc3 Bg7 4. e4 d6 5. Nf3 O-O 6. Be2 e5 7. O-O Nc6 8. d5
Ne7 9. b4 Ne8 10. c5 f5 11. Ng5 fxe4 12. Ncxe4 h6 13. Ne6 Bxe6 14. dxe6 d5 15.
Qb3 c6 16. Rd1 Nf5 17. Qh3 Nd4 18. Ng3 Qf6 19. f3 Qxe6 20. Qxe6+ Nxe6 21. Bb2
Nf4 22. Re1 Nc7 23. Rad1 Rae8 24. Bd3 Nxd3 25. Rxd3 Re7 26. Rde3 Rfe8 27. f4 e4
28. Bxg7 Kxg7 29. Rd1 Rf7 30. Ne2 Ne6 31. g3 Ref8 32. Ra3 a6 33. Nd4 Nxd4 34.
Rxd4 g5 35. fxg5 Rf1+ 36. Kg2 R8f2+ 37. Kh3 hxg5 38. Kg4 Kg6 39. h3 Rb1 40. h4
gxh4 41. Kxh4 Kf5 42. g4+ Ke5 43. Kg3 0-1

[Event "V Torneo Settembre Vomero"]
[Site "Napoli ITA"]
[Date "2008.10.02"]
[Round "1"]
[White "Longobardi, Giuseppe"]
[Black "Miccoli, Livio"]
[Result "1-0"]
[WhiteElo "2008"]
[BlackElo "1589"]
[PlyCount "79"]
[EventDate "2008.10.02"]

1. c4 Nf6 2. g3 g6 3. Bg2 Bg7 4. d4 d6 5. Nc3 O-O 6. Nf3 c5 7. O-O Nbd7 8. b3
cxd4 9. Nxd4 a6 10. Bb2 Rb8 11. Rc1 Qc7 12. h3 Ne5 13. Qd2 Bd7 14. Nd5 Qd8 15.
Rfd1 Nc6 16. Nxf6+ Bxf6 17. Nxc6 Bxc6 18. Bxf6 exf6 19. Bxc6 bxc6 20. Qxd6 Rc8
21. Qxd8 Rcxd8 22. Kf1 Rfe8 23. Ke1 Kf8 24. Rxd8 Rxd8 25. Rd1 Ke7 26. Rxd8 Kxd8
27. Kd2 Kd7 28. b4 Kd6 29. Kd3 f5 30. Kd4 g5 31. a4 f6 32. a5 c5+ 33. bxc5+ Kc6
34. f4 gxf4 35. gxf4 h6 36. h4 h5 37. e3 Kd7 38. Kd5 Kc7 39. Ke6 Kc6 40. Kxf6
1-0

[Event "V Torneo Settembre Vomero"]
[Site "Napoli ITA"]
[Date "2008.10.02"]
[Round "1"]
[White "Parente, Giuseppe"]
[Black "Angelotti, Mario"]
[Result "1-0"]
[WhiteElo "1826"]
[BlackElo "1410"]
[PlyCount "49"]
[EventDate "2008.10.02"]

1. Nf3 Nf6 2. c4 c5 3. g3 Qc7 4. Bg2 g6 5. b3 Bg7 6. Bb2 d6 7. d4 cxd4 8. Bxd4
O-O 9. O-O Nc6 10. Bb2 Bf5 11. Nbd2 Rad8 12. Nh4 Qc8 13. Nxf5 Qxf5 14. e4 Qc8
15. a3 Ne5 16. Qc2 a6 17. Rac1 Ned7 18. b4 Ne8 19. Bxg7 Kxg7 20. Nf3 f5 21. Nd4
Nc7 22. exf5 e5 23. fxe6 Nxe6 24. Nxe6+ Kg8 25. Nxf8 1-0

[Event "V Torneo Settembre Vomero"]
[Site "Napoli ITA"]
[Date "2008.10.02"]
[Round "1"]
[White "Parise, Mariano"]
[Black "Cangiano, Federico"]
[Result "0-1"]
[WhiteElo "1547"]
[BlackElo "1963"]
[PlyCount "52"]
[EventDate "2008.10.02"]

1. d4 d5 2. Nf3 Nf6 3. Bf4 c6 4. h3 e6 5. e3 Bd6 6. Ne5 O-O 7. Nd2 Qc7 8. Bd3
Nbd7 9. Ndf3 Ne4 10. Bxe4 dxe4 11. Nd2 Nxe5 12. dxe5 Bxe5 13. Bxe5 Qxe5 14. c3
b5 15. Qc2 f5 16. O-O-O a5 17. g4 a4 18. g5 c5 19. Rdg1 Bb7 20. c4 b4 21. h4
Rfd8 22. h5 Rd3 23. f4 Qd6 24. Rh3 Rd8 25. Rg2 b3 26. axb3 axb3 0-1

[Event "V Torneo Settembre Vomero"]
[Site "Napoli ITA"]
[Date "2008.10.02"]
[Round "1"]
[White "Pinto, Gaetano"]
[Black "Romano, Filippo"]
[Result "0-1"]
[WhiteElo "2044"]
[BlackElo "1682"]
[PlyCount "68"]
[EventDate "2008.10.02"]

1. d4 d5 2. c4 e6 3. Nc3 Nf6 4. cxd5 exd5 5. Bg5 Be7 6. Qc2 Be6 7. e3 Nbd7 8.
Bd3 c6 9. Nge2 h6 10. Bh4 Bd6 11. Bg3 Bxg3 12. hxg3 c5 13. Nf4 O-O 14. Nxe6
fxe6 15. O-O Rc8 16. Qe2 a6 17. f4 b5 18. Rae1 Qb6 19. Qf2 Ng4 20. Qf3 Ndf6 21.
Ne2 cxd4 22. exd4 e5 23. Bb1 e4 24. Qb3 Rc4 25. Rd1 a5 26. a4 Rb4 27. Qc3 bxa4
28. Ba2 Rb8 29. Rd2 Rxb2 30. Rxb2 Qxb2 31. Rb1 Qxe2 32. Rxb8+ Kh7 33. Qa1 Qe3+
34. Kh1 Qxg3 0-1

[Event "V Torneo Settembre Vomero"]
[Site "Napoli ITA"]
[Date "2008.10.02"]
[Round "1"]
[White "Salomone, Raffaele"]
[Black "De Rosa, Francesco"]
[Result "0-1"]
[WhiteElo "1529"]
[BlackElo "1940"]
[PlyCount "122"]
[EventDate "2008.10.02"]

1. d4 d5 2. Bf4 c6 3. e3 Bf5 4. Bd3 e6 5. Bxf5 exf5 6. h3 Nf6 7. Nf3 Ne4 8. O-O
Bd6 9. Bxd6 Qxd6 10. Nbd2 Nd7 11. c4 b6 12. a3 O-O 13. Qc2 Rfc8 14. b4 c5 15.
dxc5 bxc5 16. b5 Ndf6 17. Rfd1 Qe7 18. a4 Rd8 19. a5 dxc4 20. Nxc4 Nd5 21. Nce5
Nb4 22. Qc4 Qb7 23. a6 Qc7 24. h4 Rab8 25. Rab1 Qe7 26. Rxd8+ Rxd8 27. Nc6 Nxc6
28. bxc6 Qc7 29. Qb5 Nc3 30. Qb7 Nd5 31. Rd1 Rb8 32. Qxc7 Nxc7 33. Rd7 Rc8 34.
Ne5 f6 35. Nc4 Ne8 36. Rxa7 Rxc6 37. Kf1 Nc7 38. Na5 Rxa6 39. Rxa6 Nxa6 40. Ke2
Kf7 41. Kd3 Ke6 42. Kc4 Ke5 43. Nb7 f4 44. exf4+ Kxf4 45. Kb5 Nc7+ 46. Kxc5 Kg4
47. Kd4 Ne6+ 48. Ke3 Kxh4 49. Nd6 Kg4 50. Ne4 Ng5 51. Nd2 h5 52. Nf1 h4 53. f3+
Kf5 54. g4+ Ke6 55. f4 Nf7 56. Nh2 Nh6 57. Kf3 g5 58. f5+ Kd5 59. Ke3 Nf7 60.
Kf3 Kd4 61. Nf1 Ne5+ 0-1

[Event "V Torneo Settembre Vomero"]
[Site "Napoli ITA"]
[Date "2008.10.02"]
[Round "1"]
[White "Vannini, Aldo"]
[Black "Romano, Felice"]
[Result "1-0"]
[WhiteElo "1882"]
[BlackElo "1461"]
[PlyCount "87"]
[EventDate "2008.10.02"]

1. d4 Nf6 2. Nf3 d6 3. c4 Nbd7 4. Nc3 g6 5. e4 e5 6. d5 Bg7 7. Be2 O-O 8. O-O
Re8 9. b4 c5 10. a3 b6 11. h3 a6 12. Bg5 Qc7 13. Qd2 Nf8 14. Rab1 Rb8 15. Rb3
N8d7 16. Rfb1 Kh8 17. Bh6 Nh5 18. Nh2 Bxh6 19. Qxh6 Nf4 20. Bf1 Nf8 21. bxc5
dxc5 22. Nd1 f5 23. exf5 Bxf5 24. R1b2 Nd7 25. Ne3 Rf8 26. Nxf5 Rxf5 27. g4 Rf6
28. Qh4 Rg8 29. Nf3 h5 30. Re3 Rf7 31. Ng5 Rfg7 32. Bg2 Nf8 33. Rd2 Qd6 34. Ne4
Qb8 35. Nf6 g5 36. Qg3 h4 37. Qf3 Nxg2 38. Qxg2 Ng6 39. Nxg8 Nf4 40. Qe4 Rxg8
41. d6 Qe8 42. d7 Qe7 43. Qxe5+ Qxe5 44. Rxe5 1-0

[Event "V Torneo Settembre Vomero"]
[Site "Napoli ITA"]
[Date "2008.10.09"]
[Round "2"]
[White "Accardo, Francesco"]
[Black "Della Pietra, Antonio"]
[Result "1-0"]
[WhiteElo "1865"]
[BlackElo "1518"]
[PlyCount "77"]
[EventDate "2008.10.02"]

1. g4 d5 2. Bg2 Bxg4 3. c4 e6 4. cxd5 exd5 5. Qb3 Nf6 6. Nc3 Be6 7. Qxb7 Nbd7
8. Nxd5 Nxd5 9. Bxd5 Bxd5 10. Qxd5 Bd6 11. Nf3 Nf6 12. Qc6+ Nd7 13. Qe4+ Be7
14. b3 O-O 15. Bb2 Nf6 16. Qc4 Qd7 17. Rc1 Rfc8 18. Ne5 Qe8 19. Rg1 Bd6 20. Nc6
Nh5 21. Qg4 g6 22. Qxh5 Qe4 23. Qh6 Bf8 24. Qe3 Qh4 25. Qc3 f6 26. Qxf6 Qxf6
27. Bxf6 Re8 28. Be5 Re6 29. f4 Rae8 30. d4 Bh6 31. e3 Kf8 32. Kd2 Kf7 33. d5
Rxe5 34. Nxe5+ Kf8 35. Rxc7 Rd8 36. Rc5 Ke7 37. Kd3 Kf6 38. Ng4+ Kg7 39. Nxh6
1-0

[Event "V Torneo Settembre Vomero"]
[Site "Napoli ITA"]
[Date "2008.10.09"]
[Round "2"]
[White "Caiazzo, Diego"]
[Black "La Gatta, Giovanni"]
[Result "0-1"]
[WhiteElo "1902"]
[BlackElo "2109"]
[PlyCount "64"]
[EventDate "2008.10.02"]

1. d4 Nf6 2. Nf3 e6 3. Bf4 b6 4. e3 Bb7 5. Nbd2 c5 6. c3 Be7 7. h3 O-O 8. Bd3
d6 9. O-O Nbd7 10. Rc1 Rc8 11. Qe2 cxd4 12. cxd4 Nd5 13. Bg3 Nb4 14. a3 Nxd3
15. Qxd3 Nf6 16. Rfd1 Qd7 17. Bh4 b5 18. Qe2 a6 19. Nb3 Bd5 20. Nfd2 h6 21. f3
Qb7 22. e4 Bxb3 23. Nxb3 Nh5 24. Bxe7 Qxe7 25. Qe3 Qh4 26. Qf2 Qg5 27. Qd2 Qxd2
28. Nxd2 Nf4 29. Kf1 Nd3 30. Rxc8 Rxc8 31. b4 Rc2 32. g3 Nb2 0-1

[Event "V Torneo Settembre Vomero"]
[Site "Napoli ITA"]
[Date "2008.10.09"]
[Round "2"]
[White "Cangiano, Federico"]
[Black "Perelli, Giuseppe"]
[Result "1-0"]
[WhiteElo "1963"]
[BlackElo "1395"]
[PlyCount "33"]
[EventDate "2008.10.02"]

1. d4 Nf6 2. Nf3 d5 3. e3 e6 4. Bd3 c5 5. c3 Be7 6. O-O O-O 7. Nbd2 Nc6 8. Ne5
cxd4 9. exd4 Nd7 10. f4 Ncxe5 11. fxe5 Re8 12. Bxh7+ Kxh7 13. Qh5+ Kg8 14.
Qxf7+ Kh8 15. Rf3 Bg5 16. Rh3+ Bh6 17. Nf3 1-0

[Event "V Torneo Settembre Vomero"]
[Site "Napoli ITA"]
[Date "2008.10.09"]
[Round "2"]
[White "Capaldo, Salvatore"]
[Black "Improta, Giovanni"]
[Result "1-0"]
[WhiteElo "1532"]
[BlackElo "1887"]
[PlyCount "101"]
[EventDate "2008.10.02"]

1. e4 Nf6 2. Nc3 d6 3. h3 c6 4. d4 g6 5. Nf3 Bg7 6. Bc4 b5 7. Bd3 b4 8. Ne2 a5
9. c3 O-O 10. O-O Ba6 11. a3 Bxd3 12. Qxd3 b3 13. a4 Nbd7 14. Be3 Rb8 15. Ra3
Qc7 16. Ng3 c5 17. dxc5 dxc5 18. Qc4 Qb7 19. Bf4 e5 20. Nxe5 Nxe5 21. Bxe5 Rbc8
22. Rxb3 Qe7 23. f4 Qd7 24. Rb6 Ne8 25. Bxg7 Nxg7 26. e5 Qd2 27. Ne4 Qe3+ 28.
Kh2 Nf5 29. Rf3 Qc1 30. Qf1 Qc2 31. Nd6 Nxd6 32. exd6 Qxa4 33. Re3 Qd7 34. Re7
Qf5 35. Qf3 Rcd8 36. Re5 Qf6 37. Rxc5 Rxd6 38. Rxd6 Qxd6 39. Rxa5 Qb6 40. b4
Kg7 41. Qg3 Re8 42. Re5 Rd8 43. f5 Rd1 44. Re3 Rd5 45. fxg6 hxg6 46. Re5 Rd1
47. Qe3 Qc7 48. Qg3 Qc4 49. Re1 Rd3 50. Qe5+ Kh7 51. Re4 1-0

[Event "V Torneo Settembre Vomero"]
[Site "Napoli ITA"]
[Date "2008.10.09"]
[Round "2"]
[White "Capozzoli, Silvio"]
[Black "Lombardo, Claudio"]
[Result "1-0"]
[WhiteElo "1949"]
[BlackElo "1712"]
[PlyCount "77"]
[EventDate "2008.10.02"]

1. e4 c5 2. f4 e6 3. c4 d6 4. Nf3 Nc6 5. Nc3 a6 6. Be2 Qc7 7. O-O Nf6 8. d3 Be7
9. h3 O-O 10. Qe1 Nb4 11. Rb1 Bd7 12. Qd2 Nh5 13. a3 Ng3 14. Rd1 Nxe2+ 15. Qxe2
Nc6 16. Qf2 Bf6 17. Be3 Rab8 18. e5 dxe5 19. Ne4 Be7 20. fxe5 b6 21. Rf1 Rbc8
22. Kh1 Nxe5 23. Nxe5 Qxe5 24. Bf4 Qh5 25. Kh2 Bc6 26. Ng3 Qg6 27. Rbd1 Rcd8
28. Qe3 Bd6 29. Bxd6 Rxd6 30. b4 cxb4 31. axb4 Rfd8 32. d4 Qc2 33. d5 exd5 34.
Nf5 Re6 35. Qg5 Qc3 36. Qxd8+ Re8 37. Qc7 Ba4 38. Ne7+ Kf8 39. Nxd5 1-0